000 00514nam a2200157 a 4500
005 20140412111309.0
008 010416s19uu xx 00 eng d
020 _a0-394-81009-0
050 _aREF 423.1
_bDr657 1992
100 _aSeus, Dr.
245 _aThe Cat in the hat beginner book dictionary /
_cby the Cat himself and P. D. Eastman.
260 _aToronto :
_bRandom House,
_c1964.
300 _a133 p. ; col. ill.; 29 cm
650 _aPicture dictionaries, English - Juvenile literature
999 _c103855
_d103855